000 00458nam a2200157 4500
999 _c507505
_d507505
008 190215b ||||| |||| 00| 0 eng d
100 _aBurlone, Nathalie
_91850
245 _aBetween morality and rationality:
_bframing end-of-life care policy through narratives
260 _c2018
300 _ap.313-334.
650 _aMorality
_91851
700 _aBurlone, Nathalie
_91852
773 _aPolicy Sciences
906 _aPublic policy
942 _2ddc
_cAR